| 000 | 00677nam a22001937a 4500 | ||
|---|---|---|---|
| 003 | BD-DhUL | ||
| 005 | 20161026130716.0 | ||
| 008 | 161026s1983 bg a|||| |||| 000 0 ben d | ||
| 040 |
_cBD-DhUL _dBD-DhUL |
||
| 082 |
_a891.443 _bJAA |
||
| 100 | 1 | _aবেগম, জাহান আরা | |
| 245 |
_aঅয়নাংশ / _cজাহান আরা বেগম |
||
| 260 |
_aঢাকা : _bতারন পাবলিশার্স, _c১৯৮৩ । |
||
| 300 |
_a১০৭ পৃ. : _bচিত্রিত ; _c২২ সেমি. । |
||
| 365 |
_aBDT _b16.00 |
||
| 650 | _aবাংলা উপন্যাস | ||
| 650 | _aBengali novel | ||
| 942 |
_2ddc _cBK |
||
| 999 |
_c115393 _d115393 |
||